[Event "Uljanovsk Privolje op"]
[Site "Uljanovsk"]
[Date "2009.02.04"]
[Round "7"]
[White "Zhuzhukin, Nikita"]
[Black "Yakimkin, Igor"]
[Result "0-1"]
[WhiteElo "1984"]
[BlackElo "2154"]
[PlyCount "106"]
[EventDate "2009.01.31"]
[EventType "swiss"]
[EventRounds "9"]
[EventCountry "RUS"]
[SourceTitle "EXT 2022"]
[Source "ChessBase"]
[SourceDate "2021.10.06"]
[SourceVersion "1"]
[SourceVersionDate "2021.10.06"]
[SourceQuality "1"]

1. d4 Nf6 2. Nf3 e6 3. e3 b6 4. Bd3 Bb7 5. 0-0 d5 6. Nbd2 Bd6 7. c3 Nbd7 8. Qc2 c5 9. dxc5 Nxc5 10. Bb5+ Ncd7 11. Nd4 0-0 12. h3 a6 13. Bc6 Bxc6 14. Nxc6 Qc7 15. Nd4 Rfe8 16. e4 b5 17. a3 Bf4 18. exd5 Nxd5 19. N2b3 Rac8 20. Bxf4 Qxf4 21. Qd2 Qf6 22. Nf3 N7b6 23. Qg5 Qxg5 24. Nxg5 Nc4 25. Rab1 Nf4 26. Rfe1 Red8 27. Ne4 Nd3 28. Re2 e5 29. Ng3 g6 30. Nf1 f6 31. Ne3 Nf4 32. Ree1 Kf7 33. Kh2 Ke6 34. g3 Nd3 35. Re2 h5 36. Kg1 Kf7 37. Nxc4 bxc4 38. Nd2 Rd7 39. Nf1 Rb7 40. Ne3 Rc5 41. Rd2 e4 42. Kf1 Ke6 43. Ke2 g5 44. Kd1 f5 45. Kc2 f4 46. gxf4 gxf4 47. Nd1 Ke5 48. b4 cxb3+ 49. Rxb3 Rxb3 50. Kxb3 Rb5+ 51. Kc4 Rb1 52. f3 Rxd1 53. Rg2 exf3 0-1